• 首页
  • 本馆介绍
  • 公告通知
  • 最新文献
  • 馆藏检索
  • 电子资源
  • 读者导购
  • 参考咨询
  • 我的图书馆
  • 登录
  • 详细信息显示
  • 放入我的书架
  • 预约/预借图书
  • 作者相关作品
  • 分类相关作品
  • 丛书相关作品
  • 出版社相关作品

书目信息

  • 表格格式
  • 工作单格式
  • 卡片格式
题名:
土力学
    
 
作者: 赤井浩一 执笔 ;杨灿文 译
分册:  
出版信息: 北京   中国铁道出版社  1984
页数: 244页
开本: 21cm
丛书名:
单 册:
中图分类: TU43
科图分类:
主题词: 土力学
电子资源:
ISBN:
000 00696nam0 2200265 45
001 0184011579
005 20040517090607.9
010    @dCNY1.20
091    @b15043.6381
100    @a19950526d1984 em y0chiy0121 ea
101 1  @achi@cjpn
102    @aCN@b110000
105    @ay z 000yy
106    @ar
200 10 @a土力学@Atu li xue@f(日)赤井浩一等执笔@g杨灿文等译
210    @a北京@c中国铁道出版社@d1984
215    @a244页@d21cm
300    @a日本土木工程手册
606 0  @a土力学
690    @aTU43
701  0 @a赤井浩一@Achi jing hao yi@4执笔
702  0 @a杨灿文@Ayang can wen@4译
801  0 @aCN@b上海图书馆@c20040517
801  2 @aCN@bNLC@c20040517
905    @f1@b107569@dTU43@e46
    
    土力学/(日)赤井浩一等执笔/杨灿文等译.-北京:中国铁道出版社,1984
    244页;21cm
    日本土木工程手册
    
    ISBN :CNY1.20
    
●
相关链接 在E读中查询图书 在五车中查询图书 在当当中查询图书 在豆瓣中查询图书


正题名:土力学     索取号:TU43/46         预约/预借

序号 登录号 条形码 馆藏地/架位号 状态 备注
1 0107569   001480551   第三借阅区/ [索取号:TU43/46] 在馆    
2 0107571   001480542   第二样本阅览室/ [索取号:TU43/46] 在馆    
唐山师范学院图书馆 欢迎您!
大连网信软件有限公司© 版权所有